| 000 | 00642cam a2200193 4500 | ||
|---|---|---|---|
| 001 | WB3610-51 | ||
| 008 | 000000n2000 000 0 eng u | ||
| 035 | _a(Sirsi) u104659 | ||
| 245 | _aModel grazing licence | ||
| 260 | _c2000 | ||
| 490 |
_aCSM (Chartered Surveyor Monthly) _vMarch 2000, 10(1) |
||
| 520 | _aThe RICS is to publish a model grazing licence in March, in response to calls from rural practice surveyors. The licence will be available to purchase from RICS Books. | ||
| 590 | _aWB | ||
| 650 | _aMODEL LICENCES | ||
| 650 | _aGRAZING LICENCES | ||
| 650 | _aRICS | ||
| 690 | _aRURAL-FARM BUSINESS MANAGEMENT | ||
| 942 | _n0 | ||
| 999 |
_c62794 _d62794 |
||